The Supreme Court Circular Containing Reports of Cases Decided ,and of Orders and Minutes Issued,by the Supreme Court 1886-1889 (Record no. 83060)
[ view plain ]
| 000 -LEADER | |
|---|---|
| fixed length control field | 00588nam a2200193Ia 4500 |
| 003 - CONTROL NUMBER IDENTIFIER | |
| control field | LK-CoDNM |
| 005 - DATE AND TIME OF LATEST TRANSACTION | |
| control field | 20240920144557.0 |
| 008 - FIXED-LENGTH DATA ELEMENTS--GENERAL INFORMATION | |
| fixed length control field | 010623t1889 xxu||||| |||| 00| 1 eng d |
| 040 ## - CATALOGING SOURCE | |
| Original cataloging agency | LK-CoDNM |
| Modifying agency | LK-CoDNM |
| Description conventions | LK-CoDNM |
| 041 ## - LANGUAGE CODE | |
| Language code of text/sound track or separate title | English |
| 080 ## - UNIVERSAL DECIMAL CLASSIFICATION NUMBER | |
| Universal Decimal Classification number | 15 |
| Item number | D8 |
| 942 ## - ADDED ENTRY ELEMENTS (KOHA) | |
| Koha item type | Books |
| 100 ## - MAIN ENTRY--PERSONAL NAME | |
| Personal name | Templer,J.H. |
| 700 ## - ADDED ENTRY--PERSONAL NAME | |
| Personal name | Wendt,H.L. |
| Relator term | editor |
| 245 ## - TITLE STATEMENT | |
| Title | The Supreme Court Circular Containing Reports of Cases Decided ,and of Orders and Minutes Issued,by the Supreme Court 1886-1889 |
| 260 ## - PUBLICATION, DISTRIBUTION, ETC. (IMPRINT) | |
| Name of publisher, distributor, etc. | George J.A.Skeen |
| Place of publication, distribution, etc. | Colombo |
| Date of publication, distribution, etc. | 1889 |
| 300 ## - PHYSICAL DESCRIPTION | |
| Other physical details | xxvii, 208p. ; 28 cm |
| 650 ## - SUBJECT ADDED ENTRY--TOPICAL TERM | |
| Topical term or geographic name as entry element | Supreme Court |
| Withdrawn status | Lost status | Damaged status | Not for loan | Collection code | Permanent Location | Current Location | Shelving location | Date acquired | Full call number | Barcode | Koha item type |
|---|---|---|---|---|---|---|---|---|---|---|---|
| Damaged | Old Books Collection | Library National Museum Colombo - Sri Lanka | Library National Museum Colombo - Sri Lanka | Reference | 2024-09-20 | 15 D8 | OJP1163 | Books |


